| 000 | 00432nam a22001577a 4500 | ||
|---|---|---|---|
| 003 | OSt | ||
| 005 | 20251031112120.0 | ||
| 008 | 251031b |||||||| |||| 00| 0 eng d | ||
| 022 | _a0040-5639 | ||
| 100 | _aLeo Lushombo | ||
| 245 |
_aOROBATOR, AGBONKHIANMEGHE E. (ED): _bThe Church We Want |
||
| 260 |
_aUSA, _bSages Publications; _c2018 |
||
| 300 | _aP.222-223 | ||
| 440 |
_aTheological Studies _nNo.1 _vVol.79 |
||
| 942 |
_2lcc _cART |
||
| 999 |
_c205021 _d204981 |
||